banner koha

Membrana de látex natural de Hevea brasiliensis auxilia no processo de reparação tecidual em bovinos (Registro n. 301123)

MARC details
000 -LÍDER
fixed length control field 03307nab a2200337 i 4500
003 - CÓDIGO MARC DA AGÊNCIA CATALOGADORA
Campo de controle BR-BrBNA
005 - DATA E HORA DA ÚLTIMA ATUALIZAÇÃO
Campo de controle 20240905101026.0
008 - CAMPO DE TAMANHO FIXO
fixed length control field 240905b2018 bl.|r|pooa||| 00| 0 por |
040 ## - FONTE DA CATALOGAÇÃO
Agência catalogadora BR-BrBNA
Idioma da catalogação por
072 ## - CATEGORIA AGRIS
Código AGRIS L70
Código do objeto 5213
100 ## - ENTRADA PRINCIPAL - NOME PESSOAL
Nome pessoal Zimmermann, M.
100 ## - ENTRADA PRINCIPAL - NOME PESSOAL
Nome pessoal Mendes, F.F.
100 ## - ENTRADA PRINCIPAL - NOME PESSOAL
Nome pessoal Rodrigues, D.F.
100 ## - ENTRADA PRINCIPAL - NOME PESSOAL
Nome pessoal Faleiro, M.R.
100 ## - ENTRADA PRINCIPAL - NOME PESSOAL
Nome pessoal Campos, G.S.
100 ## - ENTRADA PRINCIPAL - NOME PESSOAL
Nome pessoal Araújo, E.G.
245 ## - TÍTULO PRINCIPAL
Título principal Membrana de látex natural de Hevea brasiliensis auxilia no processo de reparação tecidual em bovinos
500 ## - NOTA GERAL
Nota geral Publicação online; 24 ref.; 3 illus.; Summaries (En, Pt)
942 ## - ADDED ENTRY ELEMENTS (KOHA)
Koha item type
520 ## - NOTA DE RESUMO
Nota de conteúdo <br/>RESUMO - Feridas cutâneas em bovinos são um constante desafio clínico cirúrgico por desencadearem perdas econômicas bastante significativas. O látex proveniente da seiva da seringueira (Hevea brasiliensis) apresenta potencial terapêutico para incrementar o processo de reparação tecidual. Portanto, pretendeu-se com esse estudo avaliar o tipo de reação tecidual e os possíveis mecanismos de angiogênese desencadeados pelo implante de uma membrana de látex natural em bovinos. Para tal, foram utilizados seis bovinos da raça Nelore, submetidos ao implante subcutâneo experimental de três fragmentos de membranas de látex natural. Foram coletadas amostras de tecido e da membrana aos 15, 30 e 45 dias após a implantação, para avaliações histológicas, ultraestruturais por microscopia eletrônica de varredura e imunoistoquímicas com anticorpos antimarcador de macrófagos (MAC), CYR 61 e VEGF. O implante de látex proporcionou aumento da angiogênese e reparação tecidual em bovinos, não mediada pela expressão do VEGF e CYR 61.<br/><br/><br/>Palavras-chave: angiogênese, bioatividade, cicatrização, borracha natural
520 ## - NOTA DE RESUMO
Nota de conteúdo <br/>ABSTRACT - Cattle wounds are a constant surgical and clinical challenge, leading to important economical losses. The latex from the sap of the rubber tree (Hevea brasiliensis) has therapeutic potential to enhance tissue repair process. Therefore, we evaluated the type of tissue reaction and possible mechanisms of angiogenesis triggered by implanting natural latex rubber in bovine species. Six Nelore bovines were subjected to subcutaneous experimental implant of three fragments of natural rubber latex membranes. Tissue and rubber membrane samples were harvested at 15, 30 and 45 days implantation for histology, scanning electron microscopy and immunohistochemical evaluation with anti macrophage marker (MAC), anti CYR 61, anti VEGF antibodies. The latex membrane estimulates tissue reaction and repair and significant angiogenesis stimuli without activating CYR 61 and VEGF pathways.<br/><br/><br/>Keywords: angiogenesis, bioactivity, natural rubber, wound repair
650 ## - ASSUNTO - THESAGRO
Cabeçalho tópico ou nome geográfico BOVINO
650 ## - ASSUNTO - THESAGRO
Cabeçalho tópico ou nome geográfico LESÃO
650 ## - ASSUNTO - THESAGRO
Cabeçalho tópico ou nome geográfico CIRURGIA
650 ## - ASSUNTO - THESAGRO
Cabeçalho tópico ou nome geográfico CICATRIZAÇÃO
650 ## - ASSUNTO - THESAGRO
Cabeçalho tópico ou nome geográfico ANGIOGÊNESE
650 ## - ASSUNTO - THESAGRO
Cabeçalho tópico ou nome geográfico VETERINÁRIA
773 0# - ENTRADA ANALÍTICA
Host Biblionumber 1643
Registro do item 317735
Imprenta Belo Horizonte-MG Universidade Federal de Minas Gerais - Escola de Veterinaria 1983
Outro identificador 2024-4450
Título Arquivo Brasileiro de Medicina Veterinária e Zootecnia (Brazil)
ISSN 0102-0935
Colação v. 70(3) p. 741-748; (2018)
Número de controle de registro BR2024002455
856 ## - ACESSO E ENDEREÇO ELETRÔNICO
Identificador uniforme de recurso - URI https://www.scielo.br/j/abmvz/a/N8pTfJwmcjCfWjsv9wsvS5y/?format=pdf&lang=pt

Nenhum exemplar disponível.

BINAGRI

Telefone: (61)3218-2567/2388/3357/2097 - binagri@agro.gov.br

Ministério da Agricultura e Pecuária , Esplanada dos Ministérios, Bloco D, Anexo B, Brasília/DF, CEP: 70.043-900